Absolventi verzus zamestnanci s praxou
Výhody a nevýhody v prijímaní absolventov a zamestnancov s dlhšou praxou. Disproporcie medzi mladými a staršími zamestnancami v podniku, podniková klíma a vzťahy medzi zamestnancami.
Salvato in:
| Autore principale: | |
|---|---|
| Natura: | Capitolo di libro |
| Lingua: | slovacco |
| Soggetti: | |
| Tags: |
Nessun Tag, puoi essere il primo ad aggiungerne!!
|
MARC
| LEADER | 00000nla a2200000 4500 | ||
|---|---|---|---|
| 001 | 0195487 | ||
| 005 | 20240502073258.9 | ||
| 041 | 0 | |a slo | |
| 044 | |a SK | ||
| 245 | 1 | 0 | |a Absolventi verzus zamestnanci s praxou |c Eliška Záležáková |
| 520 | |a Výhody a nevýhody v prijímaní absolventov a zamestnancov s dlhšou praxou. Disproporcie medzi mladými a staršími zamestnancami v podniku, podniková klíma a vzťahy medzi zamestnancami. | ||
| 610 | 2 | 0 | |a riadenie ľudských zdrojov |
| 610 | 2 | 0 | |a vzťahy medziľudské |
| 610 | 2 | 0 | |a absolventi |
| 610 | 2 | 0 | |a skupiny vekové |
| 610 | 2 | 0 | |a kvalifikácia |
| 610 | 2 | 0 | |a prax odborná |
| 100 | 1 | |a Záležáková, Eliška | |